Normal view
MARC view
- الرسوم الكاريكاتورية - السيرة الذاتية
Entry Topical Term
001 - CONTROL NUMBER
- control field: 50546
003 - CONTROL NUMBER IDENTIFIER
- control field: JO-AjAnu
005 - DATE AND TIME OF LATEST TRANSACTION
- control field: 20230606082324.0
008 - FIXED-LENGTH DATA ELEMENTS
- fixed length control field: 230606|| aca||aabn | a|a d
040 ## - CATALOGING SOURCE
- Original cataloging agency: JO-AjAnu
- Transcribing agency: JO-AjAnu
150 ## - HEADING--TOPICAL TERM
- Topical term or geographic name entry element: الرسوم الكاريكاتورية - السيرة الذاتية
670 ## - SOURCE DATA FOUND
- Source citation: Work cat.: (JO-AjAnu)25840: إعداد وتحرير، النجار، سليم، إعداد وتحرير نضال القاسم، إعداد وتحرير أحمد أبو سليم, author 50545, ناجي العلي: نبض لم يزل فينا